Дело о выкупе земельных наделов временнообязанными крестьянами В.Н. Дудорова села Никольского (Бобраков) Орловского уезда Орловс...

Доступно только в Электронных читальных залах Найти на картеНа карте
RUSMARC
00004088nmc2a2200000 x 450
00162b63939-4163-47a3-b58c-dcc254b66352
00520170112141938.0
100##$a20140403l18731873k l0rusy0189 ca
1010#$arus
102##$aRU
2001#$aДело о выкупе земельных наделов временнообязанными крестьянами В.Н. Дудорова села Никольского (Бобраков) Орловского уезда Орловской губернии
$j29 мая - 5 ноября 1873 г.
251##$cДело
300##$aДело
300##$aОриг. заголовок дела: Дело Дудорова В.Н. Орловской губернии Орловского уезда села Никольского (Бобраков). 29 мая 1873 г. - 5 ноября 1873 г
801#0$aRU
$bРГИА
$c20140403
$gRCR
801#1$aRU
$bГлавНИВЦ
$c20140403
$2rusmarc
801#2$aRU
$bПБ им. Б.Н. Ельцина
$c20170112
$gRCR
$2rusmarc
850##$aРГИА
852##$aРГИА
$eФедеральное казенное учреждение "Российский государственный исторический архив" (РГИА)
$j2456
937##$hРГИА
$d11078411
$aASBIBLIO_SCAN
462#0$10012327ab3a-0548-404e-b4cb-e37355ac5039
$12001
$a1863-1889 гг.
$1251
$cОпись
$1852
$j26
461#0$10018ef30ad5-ff5c-4840-a721-74c62a200f95
$12001
$aГлавное выкупное учреждение Министерства финансов
$1251
$cФонд
$1852
$j577
215##$a39 л.
$d36,5х26 см
371##$aДокумент не является опубликованным и широко распространяемым
105##$ay###
1222#$ad
5171#$aДело Дудорова В.Н. Орловской губернии Орловского уезда села Никольского (Бобраков). 29 мая 1873 г. - 5 ноября 1873 г.
035##$a62b63939-4163-47a3-b58c-dcc254b66352
856##$uhttp://readingroom.main.prlib.ru/item.aspx?id_node=n94145549&mode=full
Формат отображения